000 00676nam a2200217Ii 4500
003 JO-AjNU
008 230606s9999||||xx |||||||||||||| ||und||
020 _a81-317-0159-x
040 _aJO-AjNU
_beng
_erda
_cJO-AjNU
041 _aeng
050 1 4 _aHF5416.5.N34.2011
100 3 _aNagle,Thomas T/Reed K. Holden,
_eauthor
_91393
245 0 4 _aThe Strategy and Tactica of Pricing :A Guide to Profitable Decision Making
250 _a1 ed
264 3 1 _aNEW DELHI:Pearson Education,2011
300 _a398p
_bIncludes indexes 393-398p
336 _atext
_btxt
_2rdacontent
337 _aunmediated
_bn
_2rdamedia
338 _avolume
_bnc
_2rdacarrier
650 4 _aPricing
_91394
999 _aE735
_c735
_d735